000 00512nam a22001577a 4500
008 150427b xxu||||| |||| 00| 0 eng d
020 _a0306415380
050 _aQ160.2.G65 1984
100 _aGoldstein, Martin
_917560
245 _aThe experience of science
_ban interdisciplinary approach
_c/by Martin Goldstein and Inge Goldstein
260 _aNew York
_bPlenum Press
_c1984
300 _axxiv,400p. ;
_c24cm.
650 _aScience
_92892
700 _aGoldstein, Inge
_917561
942 _2lcc
_cMONOGRAPH
999 _c122771
_d122771